Investigación de mercados /
Contenido: Naturaleza y alcance de la investigación de mercados (Perspectiva de la toma de decisiones; Práctica; Proceso; Diseño e implementación); Recolección de datos (Fuentes secundarias, estandarizadas; Investigación de mercados en internet; Recolección de información, etc.); Análisis de datos (...
Enregistré dans:
| Auteur principal: | |
|---|---|
| Autres auteurs: | , |
| Format: | Livre |
| Langue: | espagnol |
| Publié: |
México : Nueva York, EUA :
Limusa ; Wiley,
2001, c2001
|
| Sujets: | |
| Tags: |
Pas de tags, Soyez le premier à ajouter un tag!
|
MARC
| LEADER | 00000nam^a2200000^a^4500 | ||
|---|---|---|---|
| 001 | 000152725 | ||
| 005 | 20250521000000.0 | ||
| 009 | 20260310100255.333 | ||
| 020 | |a 968-18-5909-X | ||
| 037 | |a Acervo ITESO - Biblioteca | ||
| 041 | |a ESP | ||
| 082 | |a 658. 83 |b AAK | ||
| 100 | |a Aaker, David A. |e (autor) | ||
| 245 | 1 | 0 | |a Investigación de mercados / |c D.A. Aaker, V. Kumar, G.S. Day ; tr. por Fernando Roberto Pérez Vázquez. |
| 264 | 4 | |a México : |b Limusa ; |a Nueva York, EUA : |b Wiley, |c 2001, c2001 | |
| 300 | |a XIV, 776 p. | ||
| 336 | |a texto |b txt |2 rdacontenido | ||
| 337 | |a sin mediación |b n |2 rdamedio | ||
| 338 | |a volumen |b nc |2 rdasoporte | ||
| 500 | |a Traducción de: Marketing Research | ||
| 520 | |a Contenido: Naturaleza y alcance de la investigación de mercados (Perspectiva de la toma de decisiones; Práctica; Proceso; Diseño e implementación); Recolección de datos (Fuentes secundarias, estandarizadas; Investigación de mercados en internet; Recolección de información, etc.); Análisis de datos (Fundamentos; Prueba de hipótesis); Tópicos especiales en análisis de datos (Análisis de correlación y análisis de regresión; Análisis discriminante y canónico; Análisis de factores y agrupamiento; Fijación de escalas multidimensionales y análisis conjuntos; Presentación de resultados); Aplicaciones. Este volumen es la primera edición en español de editorial Limusa, en la portada aparece la leyenda 'cuarta edición en español' posiblemente es de la 4a edición en inglés de Wiley, pero no se documenta en el libro. | ||
| 649 | |a XX | ||
| 650 | |a Investigación de Mercado - |x Tema Principal | ||
| 650 | |a Toma de Decisiones - |x Análisis de Información | ||
| 650 | |a Análisis de Sistemas | ||
| 650 | |a Análisis de Regresión | ||
| 650 | |a Análisis de Varianza | ||
| 650 | |a Proceso Administrativo | ||
| 650 | |a Metodología | ||
| 650 | |a Mercadotecnia | ||
| 650 | |a Análisis Estadístico | ||
| 650 | |a Ciencias Administrativas | ||
| 700 | |a Kumar, V. |e (autor) | ||
| 700 | |a Day, George S. |e (autor) | ||
| 910 | |a Fondo General | ||
| 920 | |a Impresos - Libros | ||
| 930 | |a Colección General | ||
| 905 | |a 101 | ||
| 901 | |a 0500081551 |b IT1 |c ACC |u 20250521 | ||
| 901 | |a 0500063391 |b IT1 |c ACC |u 20250521 | ||
| 902 | |a https://opac.biblio.iteso.mx/vufind/Record/000152725 | ||